Развитие методов мгновенной спектральной плотности и синхронного детектирования; Электроэнергетика, электротехнические системы и комплексы

Bibliografiske detaljer
Parent link:Электроэнергетика, электротехнические системы и комплексы.— 2003.— С. 142-145
Hovedforfatter: Аврамчук В. С. Валерий Степанович
Sprog:russisk
Udgivet: 2003
Fag:
Format: MixedMaterials Book Chapter
KOHA link:https://koha.lib.tpu.ru/cgi-bin/koha/opac-detail.pl?biblionumber=105854

MARC

LEADER 00000naa2a2200000 4500
001 105854
005 20231031114701.0
035 |a (RuTPU)RU\TPU\book\114224 
090 |a 105854 
100 |a 20061122d2003 k y0rusy50 ca 
101 0 |a rus 
102 |a RU 
200 1 |a Развитие методов мгновенной спектральной плотности и синхронного детектирования  |f В. С. Аврамчук 
320 |a Библиогр.: 4 назв. 
463 0 |0 (RuTPU)RU\TPU\book\62183  |t Электроэнергетика, электротехнические системы и комплексы  |o материалы международной научно-технической конференции, Томск, 3-5 сентября 2003 г.  |f Томский политехнический университет; Сибирское отделение РАН  |v С. 142-145  |d 2003  |p 323 с. 
610 1 |a синхронное детектирование 
610 1 |a спектральная плотность 
610 1 |a мгновенная плотность 
610 1 |a системы управления 
610 1 |a спектральный состав 
610 1 |a сигналы 
610 1 |a труды учёных ТПУ 
700 1 |a Аврамчук  |b В. С.  |c специалист в области автоматики и компьютерной техники, кандидат технических наук  |c доцент Томского политехнического университета  |f 1978-  |g Валерий Степанович  |2 stltpush  |3 (RuTPU)RU\TPU\pers\25928 
801 1 |a RU  |b 63413507  |c 20061122  |g PSBO 
801 2 |a RU  |b 63413507  |c 20111110  |g RCR 
942 |c BK